Statistiques concernant Pays européens consommant le moins de viande

Cliquez ici pour prendre le quiz!

Statistiques générales

  • Ce quiz a été pris 46 fois
  • Le résultat moyen est 9 sur 12

Statistiques - réponses

Kg/Pers. Pays % Correct
64.7Roumanie
82%
59.6Estonie
80%
53Bulgarie
80%
45.2Serbie
77%
66.3Croatie
77%
61.5Lettonie
75%
57.7Montenegro
73%
26.8Moldavie
68%
38.2*Albanie
66%
48.5Ukraine
64%
60.4Slovaquie
59%
66Norvege
55%

Distribution des résultats

Percentile by Number Answered

% des personnes avec chaque résultat

Votre développement - résultats

Vous n’avez pas pris ce quiz